00513nam a2200145Ia 4500008004100000041000800041082001600049100003000065245003700095260003200132300001400164906001100178999001700189952016100206220530s9999 xx 000 0 und d aeng a891.46bTEJ aTejparkhi Sirshree956054 aSampurn Jivan Rahasaye (Marathi) aPunebWOW Publicationc2011 a280 PbPB a30bGB c50903d50903 001040708Non Technical aCEWNbCEWNd2012-02-24eVidharabha Stationersg150.00o891.46pCEWN-BK-3102r2022-05-30 00:00:00v120.00w2022-05-30yBKz003102